000 00528nam a2200193Ia 4500
005 20250326143510.0
008 250326s9999 xx 000 0 und d
020 _a1403-92679-4
037 _aTextbook
040 _aFMSL
_beng
_cFMSL
041 _aeng
_2eng
084 _aX65 P5
_qFMSL
100 _aChary T S
_9748100
245 0 _aVenture capital : concepts & applications
_cChary T S
260 _aDelhi
_bDelhi, Macmillan India
_c2005
300 _a199p
942 _cTB
_hX65 P5
999 _c1299823
_d1299823